Na prahu české kapitálové expanze rozpínavost českého bankovního kapitálu ve střední, jihovýchodní a východní Evropě v období rakousko-uherského imperialismu

Bibliographic Details
Main Author: Nečas, Ctibor, 1933- (Author)
Format: Book
Language:Czech
PhysicalDescription:129 s. 8°
Published: Brno Univ. J.E. Purkyně 1987
Series:Spisy filoz. fak.
Subjects:

MARC

LEADER 00000nam a2200000 a 4500
001 vtls001363047
003 SK-MaSNL
005 20260301115121.0
008 251113s1987 xr 0 cze
035 |a SNK000316644 
040 |a SNK  |b slo  |c SNK  |e AACR2 
041 0 |a cze 
044 |a CZ 
080 |a 336.71(437.1:4)"18/1918"  |2 1981 
100 1 |a Nečas, Ctibor,  |d 1933-  |4 aut  |9 115604 
245 1 0 |a Na prahu české kapitálové expanze  |b rozpínavost českého bankovního kapitálu ve střední, jihovýchodní a východní Evropě v období rakousko-uherského imperialismu  |c Ctibor Nečas 
260 |a Brno  |b Univ. J.E. Purkyně  |c 1987 
300 |a 129 s.  |c 8° 
490 1 |a Spisy filoz. fak.  |v č. 272 
650 0 7 |a kapitál bankový český  |x vývoz  |z Európa  |y stor. 19. (2.pol.)  |y 1918  |x monografie  |2 SNK  |9 459625 
651 7 |a Európa južná  |2 SNK  |9 30894 
830 0 |a Spisy filoz. fak.  |9 459626 
958 |a RK 
958 |a OND 
999 |c 720993  |d 722923 
952 |t P60, <04>, [BOOK], {604}  |a SNK  |b SNK  |y VYP  |7 0  |o snkIC 107631  |i snkKIP 2125/88  |0 0  |1 0  |4 0  |d 1999-05-12  |l 0  |r 2005-01-02 00:00:00  |w 2026-02-23 
952 |t P60, <04>, [BOOK], {604}  |a SNK  |b SNK  |y VYP  |7 0  |o snkIC 107631 D1  |i snkKIP 2126/88  |0 0  |1 0  |4 0  |d 1999-05-12  |l 0  |r 2005-01-02 00:00:00  |w 2026-02-23